Pullavapattum Nagaradhanayum (Record no. 71460)

MARC details
000 -LEADER
fixed length control field 00423nam a2200145Ia 4500
008 - FIXED-LENGTH DATA ELEMENTS--GENERAL INFORMATION
fixed length control field 211109s9999||||xx |||||||||||||| ||und||
082 ## - DEWEY DECIMAL CLASSIFICATION NUMBER
Classification number 782.421
Item number VIS-P
100 ## - MAIN ENTRY--PERSONAL NAME
Personal name Vishnu Namboothiri, M V
245 #0 - TITLE STATEMENT
Title Pullavapattum Nagaradhanayum
260 ## - PUBLICATION, DISTRIBUTION, ETC.
Name of publisher, distributor, etc. NATIONAL BOOKSTALL
Place of publication, distribution, etc. Kottayam
Date of publication, distribution, etc. 1978
300 ## - PHYSICAL DESCRIPTION
Extent 240p
630 ## - SUBJECT ADDED ENTRY--UNIFORM TITLE
General subdivision GENERAL STACK
650 ## - SUBJECT ADDED ENTRY--TOPICAL TERM
Topical term or geographic name entry element THE ARTS,FINE &DECORATIVE ARTS
942 ## - ADDED ENTRY ELEMENTS (KOHA)
Koha item type BOOK
650 ## - SUBJECT ADDED ENTRY--TOPICAL TERM
Form subdivision MUSIC
General subdivision VOCAL MUSICMalayalam
Holdings
Withdrawn status Lost status Damaged status Not for loan Home library Current library Date acquired Cost, normal purchase price Total Checkouts Full call number Barcode Shelving location Date last seen Price effective from Koha item type
        SB LIBRARY SB LIBRARY 09/11/2021 9.00   782.421 VIS-P 00055778 GENERAL STACK 09/11/2021 09/11/2021 BOOK

Powered by Koha